Sports Quiz

Random Sports or City Quiz

Rogers City Football Opponents Quiz Stats

 Plays Quiz not verified by Sporcle

Also try: Rugby Positions
Challenge
Share
Tweet
Embed
Score 0/58 Timer 20:00
0 Plays Today
Team % Correct
Onaway
100%
Mio
100%
Posen
100%
Cheboygan
100%
Alpena
100%
AuGres-Sims
85.7%
Hillman
85.7%
Hale
85.7%
St. Ignace
85.7%
Rudyard
85.7%
Newberry
85.7%
Mancelona
85.7%
Sault Ste. Marie
85.7%
Gaylord
85.7%
Alcona
71.4%
Atlanta
71.4%
Inland Lakes
71.4%
Boyne City
71.4%
Ishpeming
71.4%
Grayling
71.4%
Kalkaska
71.4%
Sault Ste. Marie Collegiate (ONT)
71.4%
Whittemore-Prescott
57.1%
Oscoda
57.1%
Pellston
57.1%
Pickford
57.1%
Manton
57.1%
Hancock
57.1%
Iron Mountain
57.1%
Team % Correct
Charlevoix
57.1%
Traverse City St. Francis
57.1%
Gaylord St. Mary's
57.1%
Petoskey
57.1%
Roscommon
57.1%
Bay City All Saints
57.1%
Tawas City
57.1%
Kingsley
42.9%
Benzie Central
42.9%
Sand Creek
42.9%
Stephenson
42.9%
Pine River
42.9%
Saginaw Sts. Peter & Paul
42.9%
Detroit St. Martin DePorres
42.9%
Alpena Catholic Central
42.9%
Pinconning
28.6%
Calumet
28.6%
Muskegon Oakridge
28.6%
Harbor Springs
28.6%
Ogemaw Heights
28.6%
Petoskey St. Francis
28.6%
Reed City
14.3%
Brimley
14.3%
Coleman
14.3%
Ontonagon
14.3%
Remus-Chippewa Hills
0%
Byron
0%
Central Lake
0%
0%

You're not logged in!

Compare scores with friends on all Sporcle quizzes.
Join for Free
OR
Log In

You Might Also Like...

Show Comments

Extras

Top Quizzes Today


Score Distribution

Your Account Isn't Verified!

In order to create a playlist on Sporcle, you need to verify the email address you used during registration. Go to your Sporcle Settings to finish the process.

Report this User

Report this user for behavior that violates our Community Guidelines.

Details: